000
00312nam a22001457a 4500
008
210312b ||||| |||| 00| 0 eng d
020
_a
9780716720577
041
_a
eng
080
_a
159.9
082
_a
159.9
100
_a
48
101
_a
PSI
245
_a
Abnormal Psychology
_c
Comer,J.R
942
_2
udc
_c
BK
999
_c
56596
_d
56596